Normal view
MARC view
- Suárez Gómez, Leticia
Entry Nombre Personal
001 - NUMERO DE CONTROL
- campo de control: 59258
003 - IDENTIFICADOR DE NUMERO DE CONTROL
- campo de control: MX-MxUPN
005 - FECHA Y HORA DE LA ÜLTIMA TRANSACCIÓN
- campo de control: 20260415100725.0
008 - DATOS DE LONGITUD FIJA
- campo de control de longitud fija: 260415nn fcannaabn | a|a d
040 ## - FUENTE DE CATALOGACIÓN
- Agencia original de catalogación: MX-MxUPN
- Lenguaje de catalogación: spa
100 1# - ENCABEZAMIENTO - NOMBRE PERSONAL
- Nombre personal: Suárez Gómez, Leticia
373 ## - GRUPO ASOCIADO
- Associated group: Universidad Pedagógica Nacional (México). Unidad Ajusco
400 1# - VEÁSE - NOMBRE DE PERSONA
- Personal name: Gómez, Leticia Suárez
670 ## - FUENTE EN LA QUE SE LOCALIZARON DATOS
- Cita de la fuente: Enfoques multidisciplinarios sobre comunicación, tecnología y educación, 2011 :
- Información localizada: portada (Leticia Suárez Gómez) página 23 (Académica e investigadora de tiempo completo de la UPN-Ajusco)
902 ## - CATALOGADOR
- Catalogador: VíctorGodínez/150426
